000 00609nam a2200193Ia 4500
005 20260114185555.0
008 008 260114s9999 xx 000 0 eng d
020 _a9781350142657
037 _aEBOOK
040 _aCRL
_beng
_cCRL
041 _aeng
_2eng
084 _qCRL
100 _aJosephine von Zitzewitz
_9871744
245 4 _aThe Culture of Samizdat Literature and Underground Networks in the Late Soviet Union
260 _bBloomsbury
_c2020
856 _uhttps://doi.org/10.5040/9781350142657?locatt=label:secondary_bloomsburyCollections
942 _cEBOOK
999 _c1470692
_d1470692